Statistics for Florida Counties by Population

Click here to take the quiz!

General Stats

  • This quiz has been taken 202 times
  • The average score is 17 of 67

Answer Stats

PopulationCounty% Correct
2,693,117Miami-Dade
100%
1,896,425Broward
92%
1,288,126Orange
86%
1,422,789Palm Beach
86%
1,349,050Hillsborough
79%
949,827Pinellas
79%
913,010Duval
74%
701,982Lee
52%
650,092Polk
49%
568,088Brevard
47%
497,909Pasco
40%
363,369Manatee
38%
405,549Sarasota
38%
517,887Volusia
38%
357,305Collier
32%
286,272Leon
32%
449,144Seminole
31%
259,964Alachua
30%
323,993Osceola
30%
77,482Monroe
27%
298,563St. Lucie
27%
141,058Citrus
23%
311,003Escambia
23%
178,439Hernando
23%
343,254Marion
23%
173,115Charlotte
21%
105,392Flagler
21%
325,875Lake
21%
78,444Nassau
21%
226,640St. Johns
21%
156,283Martin
19%
181,635Bay
18%
147,919Indian River
18%
167,040Santa Rosa
18%
203,967Clay
17%
8,331Liberty
17%
118,891Sumter
17%
8,663Lafayette
16%
68,348Columbia
14%
198,664Okaloosa
14%
72,023Putnam
14%
35,458DeSoto
13%
99,491Highlands
13%
46,036Gadsden
12%
13,670Glades
12%
39,832Levy
12%
63,508Walton
12%
27,420Baker
10%
26,928Bradford
10%
27,502Hardee
10%
39,469Okeechobee
10%
15,234Union
10%
14,462Calhoun
9%
16,203Dixie
9%
48,599Jackson
9%
24,687Washington
9%
11,761Franklin
8%
17,199Gilchrist
8%
14,295Hamilton
8%
39,119Hendry
8%
14,081Jefferson
8%
15,871Gulf
6%
22,493Taylor
6%
31,535Wakulla
5%
19,324Holmes
4%
18,408Madison
4%
43,760Suwannee
4%

Score Distribution

Percentile by Number Answered

Percent of People with Each Score

Your Score History

You have not taken this quiz